LEADER 00799cam a2200193 i 4500 001 991004345123207536 005 20241003134017.0 008 031024s1891 it 001 0 ita d 040 $aBibl. Interfacoltà T. Pellegrino$bita 082 04$a334.683 110 2 $aAssociazione di proprietari ed agricoltori $0353923 245 02$aL'associazione di proprietari ed agricoltori in Napoli all'esposizione nazionale di Palermo :$b1891-92 260 $aNapoli :$bStab. tip. Ferrante,$c1891 300 $a12 p. ;$c31 cm 500 $aEstr. dalla : Rivista agraria meridionale 651 4$aAssociazione di agricoltori$xAttività cooperative 912 $a991004345123207536 996 $aAssociazione di proprietari ed agricoltori in Napoli all'esposizione nazionale di Palermo$94212153 997 $aUNISALENTO